Tuyển tập công trình nghiên cứu khoa học 1997 -1999 : Nông nghiệp
Tài liệu tập hợp và trình bày kết quả của 43 đề tài nghiên cứu khoa học được tiến hành trong giai đoạn 1997 - 1999 của giáo viên trường Đại học Cần Thơ. Các đề tài tập trung vào lĩnh vực nông nghiệp...
Αποθηκεύτηκε σε:
| Συλλογικό Έργο: | , |
|---|---|
| Μορφή: | Βιβλίο |
| Γλώσσα: | Undetermined |
| Έκδοση: |
Cần Thơ
Trường Đại học Cần Thơ
1999
|
| Θέματα: | |
| Ετικέτες: |
Προσθήκη ετικέτας
Δεν υπάρχουν, Καταχωρήστε ετικέτα πρώτοι!
|
| Thư viện lưu trữ: | Trung tâm Học liệu Trường Đại học Cần Thơ |
|---|
| LEADER | 01076nam a2200229Ia 4500 | ||
|---|---|---|---|
| 001 | CTU_55782 | ||
| 008 | 210402s9999 xx 000 0 und d | ||
| 082 | |a 630.72 | ||
| 082 | |b Tr561n/T.2 | ||
| 110 | |a Bộ Giáo dục và Đào tạo. | ||
| 110 | |b Trường Đại học Cần Thơ | ||
| 245 | 0 | |a Tuyển tập công trình nghiên cứu khoa học 1997 -1999 : | |
| 245 | 0 | |b Nông nghiệp | |
| 245 | 0 | |c Bộ Giáo dục và Đào tạo. Trường Đại học Cần Thơ | |
| 260 | |a Cần Thơ | ||
| 260 | |b Trường Đại học Cần Thơ | ||
| 260 | |c 1999 | ||
| 520 | |a Tài liệu tập hợp và trình bày kết quả của 43 đề tài nghiên cứu khoa học được tiến hành trong giai đoạn 1997 - 1999 của giáo viên trường Đại học Cần Thơ. Các đề tài tập trung vào lĩnh vực nông nghiệp | ||
| 650 | |a Agriculture | ||
| 650 | |x Research | ||
| 904 | |i Huỳnh Mai | ||
| 980 | |a Trung tâm Học liệu Trường Đại học Cần Thơ | ||